000 00264nam a22001097a 4500
020 _a064400085
100 _aLaura Ingalls Wilder
245 _aThese happy golden years
250 _aFirst edition
260 _aNew York
_bHarper & Brothers
_c[1943
942 _cBK
999 _c264794
_d264793